| 000 | 01216aam a2200337 i 4500 | ||
|---|---|---|---|
| 001 | 768714001 | ||
| 003 | CO-MdFUSB | ||
| 005 | 20250425120212.0 | ||
| 007 | ta | ||
| 008 | 250425t2009 ck |||| |||| 00| 0 spa d | ||
| 020 | _a978-958-8285-99-3 | ||
| 040 | _cCO-MdFUSB | ||
| 041 | _aspa | ||
| 082 | 0 | 4 |
_a239 _223 _bF594 |
| 100 |
_aFleenor, Lester, _eautor |
||
| 240 | _aGod Almighty | ||
| 245 | 1 | 3 |
_a¡El Dios Todopoderoso! : _bsu palabra para judíos, cristianos y musulmanes _c/ Lester Fleenor ; traducido por Susana Quispe |
| 264 | 1 |
_bDesafío, _aBogotá, Colombia : _c[2009] |
|
| 264 | 4 | _c©2009 | |
| 300 |
_a208 páginas _c; 21 cm |
||
| 336 |
_atexto _btxt _2rdacontent |
||
| 337 |
_2rdamedia _asin mediación _bn |
||
| 338 |
_2rdacarrier _avolumen _bnc |
||
| 505 | _aDios y Alá: ¿es igual o diferente? - La grandeza de Dios: ¿traspasa los límites? - Jesús, íÚnico! - íHaz lo que yo hago, no sólo lo que digo! - Los humanos: ¿nuestros mejores amigos o peores enemigos? - Elohim, Alahum: el plural "Uno" | ||
| 563 | _aRústico | ||
| 650 | 1 | 7 |
_aApologética _9187 |
| 650 | 1 | 7 |
_aCristianismo _922 |
| 700 |
_aQuispe, Susana, _911286 _etraductor |
||
| 942 | _cBK | ||
| 945 | _aJTF-925 | ||
| 999 |
_c32342 _d32342 |
||